00516 2200193 4500245006500000020002200065250001000087100002200097700001300119700002100132650002200153650001000175005001900185260006500204041001400269084001200283300001800295336000900313 aMultikulturalisme Makanan IndonesiacUnsiyah AnggraenihText a978-602-437-435-8 aCet.1 aUnsiyah Anggraeni aSulastri aFazl Ahmad Habib aMasakan Indonesia aEbook a20250317085047 aJakarta TimurbBadan Pengembangan dan Pembinaan Bahasac2018 aIndonesia a641.595 avi :c53 hlm. atext